Normal view
MARC view
Entry Genre/Form Term
001 - CONTROL NUMBER
- control field: 3369
003 - CONTROL NUMBER IDENTIFIER
- control field: ARRUPE
005 - DATE AND TIME OF LATEST TRANSACTION
- control field: 20131106130907.0
008 - FIXED-LENGTH DATA ELEMENTS
- fixed length control field: 131106|| aca||aabn | a|a d
040 ## - CATALOGING SOURCE
- Original cataloging agency: ARRUPE
- Transcribing agency: ARRUPE
155 ## - HEADING--GENRE/FORM TERM
- Genre/form term: Autobiographical fiction.
670 ## - SOURCE DATA FOUND
- Source citation: Work cat.: (ARRUPE)0: Powell, Anthony, 1905-2000. 3367, The military philosophers., [1969, c1968]